[Event "BL 8687 Koblenz-Bayern"]
[Site "?"]
[Date "1987.??.??"]
[Round "?.2"]
[White "Wolf, V."]
[Black "Kindermann, S."]
[Result "0-1"]
[WhiteElo "2315"]
[BlackElo "2485"]
[PlyCount "86"]
[EventDate "1987.??.??"]

1. d4 Nf6 2. Nf3 g6 3. c4 Bg7 4. Nc3 d6 5. e4 O-O 6. Be2 e5 7. Bg5 h6 8. Bh4
Qe8 9. dxe5 dxe5 10. h3 Na6 11. Nd2 Nc5 12. Nd5 Nxd5 13. cxd5 a5 14. O-O f5 15.
Rc1 b6 16. f3 h5 17. Bg5 f4 18. Nc4 Rf7 19. Na3 Bf6 20. Bb5 Qe7 21. Bxf6 Rxf6
22. Nc4 Rb8 23. Qc2 Bd7 24. Bxd7 Nxd7 25. Rfd1 Rd8 26. a3 g5 27. Qb3 Kh8 28. d6
cxd6 29. Nxb6 Rb8 30. Rc8+ Rf8 31. Rxf8+ Nxf8 32. Rd5 Nd7 33. Rxa5 Nxb6 34. Kh2
g4 35. fxg4 hxg4 36. hxg4 Qh4+ 37. Qh3 Qxh3+ 38. Kxh3 Kg7 39. g5 Nc4 40. Ra6
Rxb2 41. Rc6 Ne3 42. Rxd6 Rb1 43. Kh2 Ng4+ 0-1

[Event "BL 8687 Koblenz-Bayern"]
[Site "?"]
[Date "1987.??.??"]
[Round "?.3"]
[White "Bischoff, K."]
[Black "Brueckner, T."]
[Result "1/2-1/2"]
[WhiteElo "2495"]
[BlackElo "2345"]
[PlyCount "46"]
[EventDate "1987.??.??"]

1. c4 e6 2. g3 Nf6 3. Bg2 d5 4. Nf3 Be7 5. O-O O-O 6. b3 c5 7. Bb2 Nc6 8. e3 d4
9. exd4 cxd4 10. Re1 Qb6 11. d3 Re8 12. Nbd2 Bd7 13. a3 a5 14. Qc2 h6 15. Re2
Bc5 16. Rae1 Qc7 17. Ne5 Nxe5 18. Rxe5 Ng4 19. R5e2 Bc6 20. Ne4 Bxe4 21. Rxe4
Nf6 22. R4e2 Qd6 23. Qc1 Rab8 1/2-1/2

[Event "BL 8687 Koblenz-Bayern"]
[Site "?"]
[Date "1987.??.??"]
[Round "?.4"]
[White "Schlick, V."]
[Black "Hecht, H."]
[Result "1/2-1/2"]
[WhiteElo "2285"]
[BlackElo "2455"]
[PlyCount "56"]
[EventDate "1987.??.??"]

1. g3 e5 2. c4 Nf6 3. Bg2 c6 4. Nf3 e4 5. Nd4 d5 6. cxd5 Qxd5 7. Nc2 Qh5 8. h3
Bc5 9. Nc3 Qg6 10. Ne3 O-O 11. Qc2 Re8 12. O-O Nbd7 13. Rb1 Bd6 14. b4 Nb6 15.
b5 Bd7 16. bxc6 Bxc6 17. Nb5 Be5 18. Ba3 Nfd7 19. Ng4 Bb8 20. Nd4 Ba4 21. Qc3
h5 22. Ne3 Be5 23. Nef5 Qxf5 24. Nxf5 Bxc3 25. dxc3 Nc4 26. Bc1 Ndb6 27. Ne3
Bc6 28. Nxc4 Nxc4 1/2-1/2

[Event "BL 8687 Koblenz-Bayern"]
[Site "?"]
[Date "1987.??.??"]
[Round "?.6"]
[White "Doncevic, D."]
[Black "Hickl, J."]
[Result "0-1"]
[WhiteElo "2355"]
[BlackElo "2430"]
[PlyCount "91"]
[EventDate "1987.??.??"]

1. e4 g6 2. d4 Bg7 3. Nc3 d6 4. Be3 a6 5. a4 Nc6 6. h3 e5 7. Nf3 exd4 8. Nxd4
Nf6 9. Be2 O-O 10. O-O Re8 11. Bd3 Nb4 12. Qf3 Nd7 13. Qg3 Nc5 14. Rad1 Bd7 15.
a5 Ncxd3 16. cxd3 c5 17. Nf3 Bb5 18. Nxb5 axb5 19. Bf4 Ra6 20. d4 c4 21. e5 d5
22. Bd2 Nc6 23. Bg5 Qxa5 24. Qh4 Qc7 25. Rfe1 Ne7 26. g4 Kh8 27. Re3 Ng8 28.
Rde1 b4 29. Bf4 Qe7 30. Ng5 h6 31. e6 Rxe6 32. Rxe6 fxe6 33. Rxe6 Qxg5 34. Bxg5
Rxe6 35. Be3 c3 36. b3 c2 37. Qg3 c1=Q+ 38. Bxc1 Re1+ 39. Kg2 Rxc1 40. Qd6 Nf6
41. Qb8+ Kh7 42. Qxb7 Rd1 43. Qxb4 Ne4 44. Qe7 Rxd4 45. f4 Rd2+ 46. Kg1 0-1

[Event "BL 8687 Koblenz-Bayern"]
[Site "?"]
[Date "1987.??.??"]
[Round "?.7"]
[White "Klundt, K."]
[Black "Bayer, E."]
[Result "0-1"]
[WhiteElo "2375"]
[BlackElo "2310"]
[PlyCount "60"]
[EventDate "1987.??.??"]

1. e4 c5 2. Nf3 d6 3. d4 cxd4 4. Nxd4 Nf6 5. Nc3 a6 6. Be2 e6 7. f4 Be7 8. O-O
O-O 9. Kh1 Qc7 10. a4 Nc6 11. Be3 Re8 12. Bd3 Rb8 13. Qf3 Bd7 14. Nb3 Nb4 15.
e5 Nfd5 16. Nxd5 exd5 17. Bd4 Nxd3 18. Qxd3 Qc4 19. Qg3 Bf8 20. f5 dxe5 21.
Bxe5 Rbc8 22. Nd4 Rxe5 23. Qxe5 Re8 24. Ne6 fxe6 25. Rf4 exf5 26. Qxe8 Bxe8 27.
Rxc4 dxc4 28. a5 Kf7 29. Rd1 Bb4 30. Rd4 Bb5 0-1

[Event "BL 8687 Heidelberg-München 36"]
[Site "?"]
[Date "1987.??.??"]
[Round "?.1"]
[White "Unzicker, W."]
[Black "Steinbacher, M."]
[Result "1/2-1/2"]
[WhiteElo "2470"]
[BlackElo "2280"]
[PlyCount "61"]
[EventDate "1987.??.??"]

1. d4 Nf6 2. c4 g6 3. g3 Bg7 4. Bg2 O-O 5. Nf3 d6 6. O-O Nbd7 7. Nc3 a6 8. e4
c5 9. Re1 cxd4 10. Nxd4 Ne5 11. b3 Bd7 12. Bb2 Qa5 13. h3 Rac8 14. Nd5 Rfe8 15.
Kh2 Nc6 16. Nxc6 Bxc6 17. Nxf6+ exf6 18. Qd4 Re6 19. h4 Rce8 20. f3 Qh5 21. Rf1
Qh6 22. Bh3 f5 23. Qxg7+ Qxg7 24. Bxg7 Kxg7 25. Rf2 Re5 26. exf5 gxf5 27. Rd1
Re3 28. f4 Re1 29. Rxe1 Rxe1 30. Bg2 Kf6 31. Rd2 1/2-1/2

[Event "BL 8687 Heidelberg-München 36"]
[Site "?"]
[Date "1987.??.??"]
[Round "?.4"]
[White "Neunhoeffer, H."]
[Black "Bastian, H."]
[Result "0-1"]
[WhiteElo "2235"]
[BlackElo "2375"]
[PlyCount "120"]
[EventDate "1987.??.??"]

1. d4 Nf6 2. c4 g6 3. Nc3 Bg7 4. e4 d6 5. Nf3 O-O 6. Be3 e5 7. dxe5 dxe5 8.
Qxd8 Rxd8 9. Nd5 Rd7 10. Nxf6+ Bxf6 11. c5 Nc6 12. Bb5 Kg7 13. Nd2 Re7 14. Bxc6
bxc6 15. Nc4 Rb8 16. b3 Re6 17. O-O Ba6 18. Rfc1 Be7 19. Rab1 f5 20. f3 Bf6 21.
Rd1 f4 22. Bf2 Rf8 23. Na5 Bc8 24. g3 Be7 25. Kg2 g5 26. g4 h5 27. h3 Rh8 28.
Nc4 Kf7 29. a4 Ke8 30. b4 a6 31. Rh1 Bf6 32. Rhd1 Ke7 33. Rb2 Bg7 34. Rbd2 Reh6
35. Bg1 hxg4 36. hxg4 Rh3 37. Na5 Rg3+ 38. Kf2 Rhh3 39. Nxc6+ Kf6 40. Rd5 Rxf3+
41. Ke2 Bxg4 42. Nxe5 Re3+ 43. Kd2 Bxd1 44. Bxe3 Bxa4 45. Bd4 Ke6 46. Ng4 Bxd4
47. Rxd4 Rh4 48. Nf2 Rh2 49. Ke1 Bb5 50. Rd5 Rg2 51. Rf5 c6 52. Nh3 Re2+ 53.
Kd1 Rxe4 54. Rxg5 Rxb4 55. Rg4 Kf5 56. Rg5+ Ke4 57. Kd2 a5 58. Nf2+ Kf3 59. Nd1
Rd4+ 60. Kc1 Rd5 0-1

[Event "BL 8687 Heidelberg-München 36"]
[Site "?"]
[Date "1987.??.??"]
[Round "?.7"]
[White "Krause, C."]
[Black "Zuse, P."]
[Result "1/2-1/2"]
[WhiteElo "2245"]
[BlackElo "2335"]
[PlyCount "25"]
[EventDate "1987.??.??"]

1. c4 Nf6 2. Nc3 g6 3. g3 Bg7 4. Bg2 O-O 5. e4 c5 6. Nge2 Nc6 7. O-O d6 8. d3
Rb8 9. Rb1 a6 10. a3 b5 11. cxb5 axb5 12. b4 cxb4 13. axb4 1/2-1/2

[Event "BL 8687 Bayern-Heidelberg"]
[Site "?"]
[Date "1987.??.??"]
[Round "?.1"]
[White "Steinbacher, M."]
[Black "Ribli, Z."]
[Result "0-1"]
[WhiteElo "2280"]
[BlackElo "2585"]
[PlyCount "94"]
[EventDate "1987.??.??"]

1. d4 Nf6 2. c4 e6 3. Nc3 Bb4 4. Nf3 c5 5. g3 Nc6 6. Bg2 Qa5 7. d5 Bxc3+ 8.
bxc3 Ne7 9. Bd2 O-O 10. O-O Ng6 11. Re1 e5 12. e4 h6 13. a4 d6 14. Bf1 Qc7 15.
Bd3 Bg4 16. Re3 Rae8 17. Qb1 Nf4 18. Nh4 Nxd3 19. Qxd3 g5 20. Ng2 Nh5 21. f3
Bh3 22. g4 Nf4 23. Nxf4 exf4 24. Re2 Re5 25. Kf2 f6 26. Rg1 Qh7 27. Ke1 Rfe8
28. Bxf4 gxf4 29. Qd2 h5 30. Qxf4 hxg4 31. Qxf6 R5e7 32. Qxd6 Rg7 33. f4 Rd7
34. Qxc5 Qh6 35. Qe3 Rf7 36. f5 Qh4+ 37. Rg3 Rxf5 38. exf5 Rxe3 39. Rexe3 Qf6
40. Re6 Qxf5 41. Rge3 Qb1+ 42. Kd2 Qa2+ 43. Kc1 Qa3+ 44. Kc2 Kf7 45. d6 g3 46.
Re7+ Kf6 47. Rxg3 Bf5+ 0-1

[Event "BL 8687 Bayern-Heidelberg"]
[Site "?"]
[Date "1987.??.??"]
[Round "?.3"]
[White "Mack, P."]
[Black "Bischoff, K."]
[Result "1-0"]
[WhiteElo "2280"]
[BlackElo "2495"]
[PlyCount "83"]
[EventDate "1987.??.??"]

1. Nf3 Nf6 2. g3 d5 3. Bg2 c6 4. O-O Bf5 5. d3 e6 6. Nbd2 h6 7. Qe1 Be7 8. e4
Bh7 9. Qe2 O-O 10. Re1 a5 11. e5 Nfd7 12. Nf1 a4 13. h4 Re8 14. Bh3 c5 15. Bf4
Nc6 16. Rad1 a3 17. b3 d4 18. Bd2 Nb6 19. Ra1 Nd5 20. h5 Ncb4 21. Rec1 b5 22.
g4 Rc8 23. Ng3 c4 24. dxc4 d3 25. cxd3 Bxd3 26. Qd1 bxc4 27. bxc4 Bxc4 28. Bf1
Bxa2 29. Ne4 Rxc1 30. Bxc1 Qa8 31. g5 hxg5 32. Nfxg5 Rc8 33. h6 gxh6 34. Nxf7
Kxf7 35. Qh5+ Kg8 36. Qg6+ Kh8 37. Qxh6+ Kg8 38. Bh3 Rc6 39. Qg6+ Kh8 40. Qh5+
Kg8 41. Bh6 Bf8 42. Ng5 1-0

[Event "BL 8687 Bayern-Heidelberg"]
[Site "?"]
[Date "1987.??.??"]
[Round "?.4"]
[White "Hecht, H."]
[Black "Neunhoeffer, H."]
[Result "1/2-1/2"]
[WhiteElo "2455"]
[BlackElo "2235"]
[PlyCount "73"]
[EventDate "1987.??.??"]

1. e4 e5 2. Nf3 Nc6 3. Bb5 a6 4. Ba4 Nf6 5. O-O Nxe4 6. d4 b5 7. Bb3 d5 8. dxe5
Be6 9. c3 Bc5 10. Qe2 O-O 11. Be3 Bxe3 12. Qxe3 Na5 13. Nbd2 Nxd2 14. Nxd2 Qd7
15. Rad1 Bf5 16. Ne4 c6 17. Nc5 Qa7 18. Rfe1 Rfe8 19. Qd4 Rab8 20. Re3 Nb7 21.
Nd3 c5 22. Qf4 Bxd3 23. Rexd3 c4 24. Rxd5 cxb3 25. Rd7 Rf8 26. e6 fxe6 27.
Rxg7+ Kxg7 28. Rd7+ Kg6 29. Qg4+ Kf6 30. Qf4+ Kg6 31. Qg4+ Kf6 32. Qg7+ Kf5 33.
Qxh7+ Kf6 34. Qg7+ Kf5 35. Qh7+ Kf6 36. Qh6+ Kf5 37. Qh7+ 1/2-1/2

[Event "BL 8687 Bayern-Heidelberg"]
[Site "?"]
[Date "1987.??.??"]
[Round "?.6"]
[White "Calvo Minguez, R."]
[Black "Zuse, P."]
[Result "0-1"]
[WhiteElo "2415"]
[BlackElo "2335"]
[PlyCount "98"]
[EventDate "1987.??.??"]

1. d4 Nf6 2. c4 g6 3. Nc3 Bg7 4. e4 d6 5. f3 Nc6 6. Nge2 a6 7. d5 Na5 8. Ng3 c5
9. Bd3 h5 10. Nf1 b5 11. cxb5 c4 12. Bc2 axb5 13. Nxb5 Ba6 14. Nd4 O-O 15. Ne3
Nd7 16. Qd2 Ne5 17. Nef5 gxf5 18. Nxf5 f6 19. b4 cxb3 20. axb3 Nxb3 21. Bxb3
Nd3+ 22. Kd1 Qb6 23. Rxa6 Qxb3+ 24. Ke2 Nxc1+ 25. Rxc1 Rxa6 26. Nxe7+ Kf7 27.
Nf5 Ra2 28. Rc7+ Kg8 29. Rxg7+ Kh8 30. Qxa2 Qxa2+ 31. Ke3 Qa3+ 32. Kf4 Qc1+ 33.
Kg3 Rg8 34. Rxg8+ Kxg8 35. h4 Qc3 36. Kh3 Qe5 37. Ng3 Kf8 38. Nf5 Ke8 39. Ng3
Kd7 40. Nf5 Kc7 41. Ne3 Kb7 42. Nf5 Kb6 43. Ng7 Kb5 44. g4 Qf4 45. Nxh5 Qxf3+
46. Ng3 Kc4 47. h5 Kd3 48. h6 Ke3 49. Kh4 Kf2 0-1

[Event "BL 8687 München 36-Koblenz"]
[Site "?"]
[Date "1987.??.??"]
[Round "?.1"]
[White "Gutman, L."]
[Black "Smejkal, J."]
[Result "1-0"]
[WhiteElo "2460"]
[BlackElo "2540"]
[PlyCount "42"]
[EventDate "1987.??.??"]

1. Nf3 Nf6 2. g3 d5 3. Bg2 c6 4. O-O Bg4 5. d3 Nbd7 6. Qe1 e5 7. e4 dxe4 8.
dxe4 Be7 9. Nbd2 O-O 10. h3 Bh5 11. Nc4 Qc7 12. a4 Rfe8 13. Bd2 Bf8 14. Bc3
Bxf3 15. Bxf3 b5 16. axb5 cxb5 17. Ne3 Nc5 18. Bb4 Rac8 19. Bg2 Ncxe4 20. Bxf8
Rxf8 21. Qb4 Ng5 1-0

[Event "BL 8687 München 36-Koblenz"]
[Site "?"]
[Date "1987.??.??"]
[Round "?.2"]
[White "Nikolac, J."]
[Black "Wolf, V."]
[Result "1-0"]
[WhiteElo "2435"]
[BlackElo "2315"]
[PlyCount "95"]
[EventDate "1987.??.??"]

1. b3 Nf6 2. Bb2 g6 3. g3 Bg7 4. Bg2 O-O 5. Nf3 d6 6. d4 Nbd7 7. O-O e5 8. dxe5
Ng4 9. Nc3 Ndxe5 10. Nd4 f5 11. h3 Nf6 12. Nd5 Nxd5 13. Bxd5+ Kh8 14. e3 Nf7
15. Bc3 Ng5 16. f4 Qe7 17. Re1 Ne4 18. Bxe4 Qxe4 19. Nb5 Qe7 20. Bxg7+ Qxg7 21.
Qd4 Rf7 22. c4 a6 23. Nc3 Be6 24. Qxg7+ Kxg7 25. e4 Rd8 26. Rad1 Bd7 27. e5
dxe5 28. Rxe5 Rdf8 29. a4 Bc6 30. Kf2 Re8 31. Rxe8 Bxe8 32. a5 Bc6 33. b4 Rd7
34. Rxd7+ Bxd7 35. Ke3 Be6 36. Kd4 Kf6 37. b5 h6 38. bxa6 bxa6 39. Nd5+ Bxd5
40. Kxd5 Ke7 41. Kc6 Kd8 42. Kb7 g5 43. Kxa6 Kc8 44. Kb5 Kb7 45. a6+ Ka7 46. c5
h5 47. h4 gxf4 48. gxf4 1-0

[Event "BL 8687 München 36-Koblenz"]
[Site "?"]
[Date "1987.??.??"]
[Round "?.3"]
[White "Andruet, G."]
[Black "Bastian, H."]
[Result "1/2-1/2"]
[WhiteElo "2365"]
[BlackElo "2375"]
[PlyCount "113"]
[EventDate "1987.??.??"]

1. d4 Nf6 2. Bg5 d6 3. Bxf6 exf6 4. e3 g6 5. Nd2 Bg7 6. Ne2 O-O 7. g3 f5 8. Bg2
Nd7 9. O-O Nf6 10. c4 Rb8 11. Nc3 Re8 12. Qc2 h5 13. b4 Bd7 14. b5 h4 15. Rab1
hxg3 16. hxg3 Ng4 17. Nf3 Bh6 18. Rb3 Kg7 19. Nd5 c6 20. bxc6 Bxc6 21. Qd2 Bxd5
22. cxd5 Qe7 23. Rfb1 Rec8 24. Rc1 Rc7 25. Rxc7 Qxc7 26. Rc3 Qa5 27. Qc2 Re8
28. Qb3 Re7 29. Nd2 Qd8 30. Bf3 Nf6 31. Qc2 Ne8 32. Rc8 Rc7 33. Qxc7 Qxc7 34.
Rxc7 Nxc7 35. Nc4 Ne8 36. a4 b6 37. Kf1 Bg5 38. Ke2 Bd8 39. Kd3 Kf6 40. Na3 a6
41. Nc2 b5 42. axb5 axb5 43. Nb4 Ba5 44. Nc6 Be1 45. Ke2 Bc3 46. Na7 Nc7 47.
Nc8 Ne8 48. Kd1 b4 49. Be2 b3 50. Bb5 Nc7 51. Bc4 b2 52. Kc2 Be1 53. Nxd6 Bxf2
54. Nxf7 Nb5 55. Bxb5 Kxf7 56. Kxb2 Bxe3 57. Kc3 1/2-1/2

[Event "BL 8687 München 36-Koblenz"]
[Site "?"]
[Date "1987.??.??"]
[Round "?.4"]
[White "Zysk, R."]
[Black "Brueckner, T."]
[Result "0-1"]
[WhiteElo "2405"]
[BlackElo "2345"]
[PlyCount "106"]
[EventDate "1987.??.??"]

1. d4 d5 2. c4 e6 3. Nf3 Nf6 4. Nc3 Be7 5. Bg5 O-O 6. e3 Nbd7 7. Rc1 a6 8. cxd5
exd5 9. Bd3 c6 10. O-O Re8 11. Qc2 Nf8 12. h3 g6 13. Bf4 Ne6 14. Bh2 Ng7 15.
Na4 Bf5 16. Nc5 Bxc5 17. dxc5 Bxd3 18. Qxd3 Ne4 19. b4 Ne6 20. Nd4 Qh4 21. Ne2
Ng7 22. f3 Ng5 23. Nd4 N5e6 24. Rfe1 Nxd4 25. Qxd4 Qxd4 26. exd4 Nf5 27. Be5
Re6 28. g4 Nh4 29. Kf2 Rae8 30. f4 f6 31. f5 gxf5 32. Bxf6 Rxe1 33. Rxe1 Rxe1
34. Kxe1 Nf3+ 35. Ke2 fxg4 36. hxg4 Nh2 37. Bh4 Nxg4 38. Kf3 h5 39. Kf4 Kf7 40.
Kf5 Ne3+ 41. Ke5 Nc4+ 42. Kf5 Nd2 43. Kf4 Ke6 44. Be1 Ne4 45. Bh4 Nc3 46. a3
Nb5 47. Bf2 Nxa3 48. Be1 Nc2 49. Bc3 h4 50. Kg4 h3 51. Kxh3 Kf5 52. Kh4 Ke4 53.
Kg5 Kd3 0-1

[Event "BL 8687 München 36-Koblenz"]
[Site "?"]
[Date "1987.??.??"]
[Round "?.5"]
[White "Schlick, V."]
[Black "Kaiser, W."]
[Result "1-0"]
[WhiteElo "2285"]
[BlackElo "2335"]
[PlyCount "49"]
[EventDate "1987.??.??"]

1. e4 c5 2. Nf3 d6 3. d4 cxd4 4. Nxd4 Nf6 5. Nc3 g6 6. Be2 Bg7 7. O-O O-O 8.
Bg5 Nc6 9. Nb3 Be6 10. f4 b5 11. Bf3 b4 12. Nd5 Bxd5 13. exd5 Na5 14. Nxa5 Qxa5
15. Kh1 Rac8 16. a3 Qc5 17. axb4 Qxb4 18. Qe2 Qxb2 19. Qxe7 Rxc2 20. Rab1 Rf2
21. Rfe1 Qc3 22. Rbc1 Qb2 23. Qxd6 Ng4 24. Rb1 Re2 25. Bxg4 1-0

[Event "BL 8687 München 36-Koblenz"]
[Site "?"]
[Date "1987.??.??"]
[Round "?.6"]
[White "Pichler, J."]
[Black "Doncevic, D."]
[Result "1/2-1/2"]
[WhiteElo "2325"]
[BlackElo "2355"]
[PlyCount "45"]
[EventDate "1987.??.??"]

1. e4 c5 2. Nf3 Nc6 3. d4 cxd4 4. Nxd4 Nf6 5. Nc3 d6 6. Bg5 e6 7. Qd2 a6 8.
O-O-O Bd7 9. Be2 h6 10. Bh4 Rc8 11. Qe3 Be7 12. Nxc6 Bxc6 13. e5 Nd5 14. Nxd5
Bxd5 15. Bxe7 Qxe7 16. Kb1 dxe5 17. Qxe5 Qc7 18. Qxg7 Qxc2+ 19. Ka1 Ke7 20.
Rhe1 Rhd8 21. Qxh6 Qa4 22. Qg5+ Ke8 23. Qg8+ 1/2-1/2

[Event "BL 8687 München 36-Koblenz"]
[Site "?"]
[Date "1987.??.??"]
[Round "?.7"]
[White "Seul, G."]
[Black "Goetz, R."]
[Result "1/2-1/2"]
[WhiteElo "2235"]
[BlackElo "2320"]
[PlyCount "82"]
[EventDate "1987.??.??"]

1. d4 Nf6 2. c4 c5 3. d5 d6 4. Nc3 g6 5. e4 Bg7 6. Nf3 O-O 7. h3 a6 8. a4 e6 9.
Bd3 exd5 10. exd5 Re8+ 11. Be3 Nbd7 12. O-O Nh5 13. Bg5 f6 14. Bd2 f5 15. Ng5
Ne5 16. Be2 h6 17. Ne6 Bxe6 18. dxe6 Nf6 19. f4 Nc6 20. Bf3 Kh7 21. Rc1 Rb8 22.
Nd5 Nd4 23. Bc3 Nxe6 24. Nxf6+ Bxf6 25. Bxf6 Qxf6 26. Qxd6 Qd4+ 27. Qxd4 Nxd4
28. Kf2 a5 29. Bd5 Kg7 30. Rce1 b6 31. Rxe8 Rxe8 32. Re1 Rxe1 33. Kxe1 g5 34.
g3 Kg6 35. Kf2 gxf4 36. gxf4 Kh5 37. Kg3 Kg6 38. Kf2 Nc2 39. Bf3 Kf6 40. Bd1
Nb4 41. Ke3 Nc6 1/2-1/2

[Event "BL 8687 München 36-Koblenz"]
[Site "?"]
[Date "1987.??.??"]
[Round "?.8"]
[White "Koepf, U."]
[Black "Fritsche, L."]
[Result "1-0"]
[WhiteElo "2210"]
[BlackElo "2310"]
[PlyCount "94"]
[EventDate "1987.??.??"]

1. Nf3 g6 2. c4 Bg7 3. Nc3 d6 4. g3 e5 5. Bg2 Nc6 6. O-O Nge7 7. Rb1 Be6 8. d3
h6 9. b4 Qd7 10. b5 Nd8 11. Re1 O-O 12. Qc2 Kh8 13. Nd2 Bh3 14. Bh1 f5 15. Nd5
Ng8 16. Bg2 Bxg2 17. Kxg2 Ne6 18. Bb2 Rae8 19. Ba1 c6 20. Nc3 Nf6 21. Qa4 e4
22. Qxa7 c5 23. Qa4 Nd4 24. e3 f4 25. exf4 exd3 26. Nd5 Nxd5 27. cxd5 Qf5 28.
Qc4 Ne2 29. Bxg7+ Kxg7 30. Nf3 g5 31. Rbd1 gxf4 32. Qxd3 fxg3 33. Qxf5 Rxf5 34.
hxg3 Ref8 35. Rxe2 Rxf3 36. Rdd2 R8f7 37. Re6 R3f6 38. Rde2 Kg6 39. a4 Kf5 40.
a5 Kg5 41. Rxf6 Rxf6 42. Re6 Rf8 43. Rxd6 Ra8 44. a6 bxa6 45. bxa6 h5 46. Rc6
Kf5 47. Rxc5 Rxa6 1-0

[Event "BL 8687 Bayern-HSK"]
[Site "?"]
[Date "1987.??.??"]
[Round "?.1"]
[White "Chandler, M."]
[Black "Ribli, Z."]
[Result "1/2-1/2"]
[WhiteElo "2565"]
[BlackElo "2585"]
[PlyCount "35"]
[EventDate "1987.??.??"]

1. e4 e5 2. Nf3 Nf6 3. Nxe5 d6 4. Nf3 Nxe4 5. d4 d5 6. Bd3 Nc6 7. O-O Be7 8. c4
Nb4 9. Be2 O-O 10. Nc3 Be6 11. Be3 Bf6 12. Qa4 Nxc3 13. bxc3 Nc6 14. Rab1 Rb8
15. Rfd1 Re8 16. cxd5 Bxd5 17. c4 Be4 18. Rbc1 1/2-1/2

[Event "BL 8687 Bayern-HSK"]
[Site "?"]
[Date "1987.??.??"]
[Round "?.2"]
[White "Kindermann, S."]
[Black "Stein, B."]
[Result "1/2-1/2"]
[WhiteElo "2485"]
[BlackElo "2405"]
[PlyCount "61"]
[EventDate "1987.??.??"]

1. e4 c5 2. Nf3 Nc6 3. d4 cxd4 4. Nxd4 Nf6 5. Nc3 e6 6. Nxc6 bxc6 7. e5 Nd5 8.
Ne4 f5 9. exf6 Nxf6 10. Nd6+ Bxd6 11. Qxd6 Ba6 12. Bxa6 Qa5+ 13. Bd2 Qxa6 14.
Bb4 O-O-O 15. a3 e5 16. f3 Rhe8 17. O-O-O Re6 18. Qc5 d6 19. Qc3 c5 20. Bxc5
dxc5 21. Qxc5+ Qc6 22. Qxa7 Rd7 23. Qa5 e4 24. fxe4 Rxe4 25. Rxd7 Nxd7 26. Qd2
h5 27. Rf1 g6 28. g3 Qe6 29. Rd1 Re2 30. Qc3+ Kd8 31. Qh8+ 1/2-1/2

[Event "BL 8687 Bayern-HSK"]
[Site "?"]
[Date "1987.??.??"]
[Round "?.3"]
[White "Wahls, M."]
[Black "Bischoff, K."]
[Result "0-1"]
[WhiteElo "2460"]
[BlackElo "2495"]
[PlyCount "100"]
[EventDate "1987.??.??"]

1. e4 c5 2. Nf3 d6 3. Bb5+ Nd7 4. O-O Ngf6 5. Re1 a6 6. Bf1 Qc7 7. c3 e5 8. a4
b6 9. d4 Bb7 10. d5 g6 11. g3 Bg7 12. c4 O-O 13. Nh4 Rae8 14. a5 Rb8 15. axb6
Qxb6 16. Nc3 Bc8 17. Qd3 Qd8 18. Ra2 Ne8 19. Qc2 Bf6 20. Ng2 Ng7 21. Bd3 Be7
22. Bd2 f5 23. Bh6 fxe4 24. Nxe4 Nf6 25. Nxf6+ Bxf6 26. Qd2 Rf7 27. Ne3 Bg5 28.
Bxg5 Qxg5 29. Nf1 Qf6 30. Qe2 Bf5 31. Bxf5 Nxf5 32. Nd2 Nd4 33. Qf1 Qg5 34. Rd1
Qh5 35. h3 Rxf2 36. Kxf2 Rf8+ 37. Kg2 Rxf1 38. Rxf1 e4 39. Rxa6 e3 40. g4 Qe5
41. Ra3 Kg7 42. Ra7+ Kg8 43. Ra8+ Kg7 44. Ra7+ Kh6 45. Re1 Qf4 46. Rf1 exd2 47.
Rxf4 d1=Q 48. h4 Qe2+ 49. Kh1 Qe1+ 50. Kg2 Qxh4 0-1

[Event "BL 8687 Bayern-HSK"]
[Site "?"]
[Date "1987.??.??"]
[Round "?.4"]
[White "Hecht, H."]
[Black "Schulte, O."]
[Result "1/2-1/2"]
[WhiteElo "2455"]
[BlackElo "2325"]
[PlyCount "69"]
[EventDate "1987.??.??"]

1. e4 c5 2. f4 Nc6 3. Nf3 g6 4. Nc3 Bg7 5. d3 d6 6. h3 e5 7. Be2 Nge7 8. O-O
O-O 9. Qe1 Nd4 10. Bd1 Nec6 11. Nd5 exf4 12. Nxf4 Nxf3+ 13. Rxf3 Nd4 14. Rf1 b5
15. c3 Ne6 16. Bb3 Nxf4 17. Bxf4 Be6 18. Bxe6 fxe6 19. Qg3 e5 20. Bg5 Qd7 21.
Qg4 Qxg4 22. Rxf8+ Kxf8 23. hxg4 Rb8 24. Kf2 a5 25. a4 c4 26. axb5 Rxb5 27.
dxc4 Rxb2+ 28. Kf1 Rc2 29. Rxa5 Rxc3 30. Ra8+ Kf7 31. Ra7+ Kg8 32. Ra8+ Kf7 33.
Ra7+ Kg8 34. Rc7 Bf8 35. Kf2 1/2-1/2

[Event "BL 8687 Bayern-HSK"]
[Site "?"]
[Date "1987.??.??"]
[Round "?.5"]
[White "Wegner, H."]
[Black "Hertneck, G."]
[Result "1-0"]
[WhiteElo "2300"]
[BlackElo "2440"]
[PlyCount "41"]
[EventDate "1987.??.??"]

1. d4 Nf6 2. Nf3 g6 3. c4 Bg7 4. Nc3 d5 5. Qb3 dxc4 6. Qxc4 O-O 7. e4 a6 8. Qb3
c5 9. dxc5 Nbd7 10. Qb4 Qc7 11. Na4 a5 12. Qc4 Ne5 13. Qc2 Bd7 14. Nb6 Rad8 15.
Be2 Bc6 16. Nd2 Nfd7 17. f4 f5 18. fxe5 fxe4 19. Nxd7 Rxd7 20. Nc4 e3 21. Bxe3
1-0

[Event "BL 8687 Bayern-HSK"]
[Site "?"]
[Date "1987.??.??"]
[Round "?.6"]
[White "Hickl, J."]
[Black "Reefschlaeger, H."]
[Result "1-0"]
[WhiteElo "2430"]
[BlackElo "2375"]
[PlyCount "53"]
[EventDate "1987.??.??"]

1. e4 e6 2. d4 d5 3. Nc3 Bb4 4. Bd2 Nc6 5. Bb5 Nge7 6. Qg4 O-O 7. e5 f5 8. Qh4
Ng6 9. Qxd8 Nxd8 10. h4 h6 11. h5 Nh8 12. f4 b6 13. Nf3 c5 14. Nd1 Bxd2+ 15.
Kxd2 a6 16. Bd3 cxd4 17. Nxd4 Nb7 18. b4 Bd7 19. Ne3 b5 20. Rhg1 g5 21. g4 fxg4
22. fxg5 hxg5 23. Nxg4 Kf7 24. Nf6 Ke7 25. Rxg5 Nd8 26. Rg7+ Ndf7 27. Rf1 1-0

[Event "BL 8687 Bayern-HSK"]
[Site "?"]
[Date "1987.??.??"]
[Round "?.7"]
[White "Gruenberg, Ra"]
[Black "Klundt, K."]
[Result "0-1"]
[WhiteElo "2255"]
[BlackElo "2375"]
[PlyCount "70"]
[EventDate "1987.??.??"]

1. d4 Nf6 2. c4 g6 3. Nc3 Bg7 4. e4 d6 5. Be2 O-O 6. Bg5 c5 7. d5 h6 8. Bf4 e6
9. dxe6 Bxe6 10. Qd2 Qb6 11. Bxh6 Bxh6 12. Qxh6 Qxb2 13. Rc1 Nc6 14. h4 Ne5 15.
Nh3 Neg4 16. Qg5 Nh7 17. Qf4 Ne5 18. Ng5 Kg7 19. Nd5 Bxd5 20. Nxh7 Kxh7 21. h5
Kg7 22. cxd5 Rh8 23. h6+ Kh7 24. Rh3 b6 25. Rhc3 f5 26. exf5 Rhf8 27. fxg6+
Nxg6 28. Qxd6 Rae8 29. R3c2 Qb4+ 30. Kf1 Qh4 31. f3 Nf4 32. Kg1 Nxe2+ 33. Rxe2
Rxe2 34. Rf1 Rxg2+ 35. Kxg2 Rg8+ 0-1

[Event "BL 8687 München 36-HSG"]
[Site "?"]
[Date "1987.??.??"]
[Round "?.1"]
[White "Rostalski, W."]
[Black "Unzicker, W."]
[Result "1/2-1/2"]
[WhiteElo "2265"]
[BlackElo "2470"]
[PlyCount "54"]
[EventDate "1987.??.??"]

1. Nf3 Nf6 2. g3 d5 3. Bg2 c5 4. O-O Nc6 5. d3 e5 6. e4 d4 7. Nbd2 Be7 8. Nc4
Nd7 9. a4 O-O 10. Ne1 Nb6 11. b3 Be6 12. Bd2 Rc8 13. Qe2 Qd7 14. f4 exf4 15.
gxf4 f5 16. a5 Nxc4 17. dxc4 fxe4 18. Bxe4 Bh3 19. Bg2 Bxg2 20. Qxg2 Bd6 21.
Nd3 Ne7 22. Rae1 Rf6 23. Kh1 Rcf8 24. Qe4 b6 25. axb6 axb6 26. Ra1 Re6 27. Qf3
Ref6 1/2-1/2

[Event "BL 8687 München 36-HSG"]
[Site "?"]
[Date "1987.??.??"]
[Round "?.2"]
[White "Smejkal, J."]
[Black "Breyther, R."]
[Result "1-0"]
[WhiteElo "2540"]
[BlackElo "2335"]
[PlyCount "59"]
[EventDate "1987.??.??"]

1. Nf3 Nf6 2. c4 e6 3. Nc3 Bb4 4. g3 b6 5. Bg2 Bb7 6. O-O O-O 7. Qb3 a5 8. d4
Ne4 9. Nxe4 Bxe4 10. c5 bxc5 11. a3 c4 12. Qe3 f5 13. axb4 axb4 14. Rxa8 Bxa8
15. Bd2 Qe7 16. Ne5 Bxg2 17. Kxg2 d5 18. Ra1 Qd6 19. Ra4 Na6 20. Rxa6 Qxa6 21.
Bxb4 f4 22. Qf3 Rf5 23. g4 Rf6 24. Be7 Qb5 25. Qa3 Qe8 26. Qc5 h5 27. Qxc7 f3+
28. exf3 hxg4 29. Bxf6 gxf3+ 30. Kxf3 1-0

[Event "BL 8687 München 36-HSG"]
[Site "?"]
[Date "1987.??.??"]
[Round "?.3"]
[White "Kunsztowicz, U."]
[Black "Nikolac, J."]
[Result "0-1"]
[WhiteElo "2325"]
[BlackElo "2435"]
[PlyCount "68"]
[EventDate "1987.??.??"]

1. d4 Nf6 2. c4 e6 3. g3 d5 4. Bg2 Bb4+ 5. Bd2 Be7 6. Nf3 Nbd7 7. O-O c6 8. Qc2
O-O 9. b4 b6 10. a4 Ne4 11. Be1 Bb7 12. a5 Ba6 13. Nbd2 Nxd2 14. Bxd2 Bxc4 15.
Rfe1 f5 16. Ne5 Nxe5 17. dxe5 b5 18. f4 Rf7 19. Qb2 g5 20. fxg5 Bxg5 21. Bxg5
Qxg5 22. e3 h5 23. Qf2 Qe7 24. Rab1 Kh8 25. Red1 Rg8 26. Rd4 Rh7 27. Rf4 h4 28.
Rxh4 Rxh4 29. gxh4 Qg7 30. Qg3 Qh6 31. Qf2 d4 32. Qf4 Qxf4 33. exf4 Bd5 34. Rb2
d3 0-1